000 00318nam a22001457a 4500
008 210531b ||||| |||| 00| 0 eng d
020 _a0444010327
041 _aeng
080 _a336
082 _a336
100 _a56
101 _aFIN
245 _aInternational Financial Markets
_cGrabbe,J.O
942 _2udc
_cBK
999 _c57821
_d57821